01190nam a2200289Ia 450000500170000000800280001702000180004508200190006310000230008224502210010525000170032630000660034353400580040965000330046765000380050065000330053865000330057165000500060470000320065470000210068670000340070726400360074133600270077733700330080433800280083704000350086520220317000310.0141031s9999 ck 000 0 spa d a978383315527704aR 784.19bA17e1 aAbrashev, Bozhidar10aEnciclopedia ilustrada de los instrumentos musicalesbtodas las épocas y regiones del mundo cilustraciones, Anton Radevsky ; texto, Bozhidar Abrashev & Vladimir Gadjev ; traducción del inglés Mariano Ramírez a1a edición a320 páginasbilustraciones y fotografías en colorc29 cm. tIlyustrovana entsiklopedia na muzikalnite instrumenti142LEMBaInstrumentos musicales142LEMBaInstrumentos de percusión142LEMBaInstrumentos de viento142LEMBaInstrumentos de cuerda142LEMBaInstrumentos musicalesxClasificación1 aRadevsky, Antoneilustrador1 aGadjev, Vladimir1 aRamírez, Marianoetraductor aBarcelona bH.F. Hullmannc2006 atextobtxt2rdacontent asin mediaciónbn2rdamedia avolumenbnc2rdacarrier aCO-BoRNBPbspaerdacCO-BoRNBP